Caractéristiques épidémiologiques et psychopathologiques de la toxicomanie au Bénin (notice n° 1774064)

détails MARC
000 -LEADER
fixed length control field 03028cam a2200361 4500500
005 - DATE AND TIME OF LATEST TRANSACTION
control field 20260322012606.0
041 ## - LANGUAGE CODE
Language code of text/sound track or separate title fre
042 ## - AUTHENTICATION CODE
Authentication code dc
100 10 - MAIN ENTRY--PERSONAL NAME
Personal name Gansou, Grégoire Magloire
Relator term author
245 00 - TITLE STATEMENT
Title Caractéristiques épidémiologiques et psychopathologiques de la toxicomanie au Bénin
260 ## - PUBLICATION, DISTRIBUTION, ETC.
Date of publication, distribution, etc. 2014.<br/>
500 ## - GENERAL NOTE
General note 4
520 ## - SUMMARY, ETC.
Summary, etc. De multiples facteurs caractérisent la toxicomanie au Bénin. De janvier 2006 à décembre 2010, nous avons réalisé an CNHP de Cotonou, une étude transversale à visée descriptive qui avait pour objectif d’étudier les aspects épidémiologiques et psychopathologiques de la toxicomanie. Les sujets de l’étude représentaient 21,05% des patients du CNHP 64,89% avaient au moins le niveau d’étude secondaire. Le plus jeune toxicomane était âgé de 10 ans et 64, 59% avaient entre 21 à 30 ans. 23,67% des toxicomanes étaient issus de familles au sein desquelles l’absence de représentations parentales authentiques était en cause. Au rang des drogues consommées, on retrouvait le cannabis (47,66%), la cocaïne (24,96%), l’héroïne (23,67%) et des amphétamines de fabrication locale. La polytoxicomanie représentait 53,41% des cas. La lutte contre la toxicomanie nécessite une collaboration étroite avec les professionnels de la santé mentale et un engagement politique plus courageux.
520 ## - SUMMARY, ETC.
Summary, etc. Multiple factors characterizedrug-addiction in Bénin. From January 2006 to December 2010, we realized at the CNHP of Cotonou, across-sectional studywith a descriptive aim the objective of which was to study the epidemiological and psychopathological aspects of addiction. Thestudy targets represented 21.05% of patients at the CNHP. 64.89% had at least a high-school education. The youngest addict was aged 10 and 64,59% were between 21-30 years. 23.67% of addicts were from families in which the lack of genuine parental representations was at issue. Among the drugs used, there were cannabis (47.66%), cocaine (24.96%), heroin (23,67%) and amphetamines manufactured locally. Poly-toxicomania represented 53.41% of cases. The fight against drug addiction requires close collaboration between mental health professionals and acourageons political commitment.
690 ## - LOCAL SUBJECT ADDED ENTRY--TOPICAL TERM (OCLC, RLIN)
Topical term or geographic name as entry element épidémiologie
690 ## - LOCAL SUBJECT ADDED ENTRY--TOPICAL TERM (OCLC, RLIN)
Topical term or geographic name as entry element moyens de lutte
690 ## - LOCAL SUBJECT ADDED ENTRY--TOPICAL TERM (OCLC, RLIN)
Topical term or geographic name as entry element psychopathologie
690 ## - LOCAL SUBJECT ADDED ENTRY--TOPICAL TERM (OCLC, RLIN)
Topical term or geographic name as entry element substances psychoactives
690 ## - LOCAL SUBJECT ADDED ENTRY--TOPICAL TERM (OCLC, RLIN)
Topical term or geographic name as entry element toxicomanie
690 ## - LOCAL SUBJECT ADDED ENTRY--TOPICAL TERM (OCLC, RLIN)
Topical term or geographic name as entry element control methods
690 ## - LOCAL SUBJECT ADDED ENTRY--TOPICAL TERM (OCLC, RLIN)
Topical term or geographic name as entry element drug-addiction
690 ## - LOCAL SUBJECT ADDED ENTRY--TOPICAL TERM (OCLC, RLIN)
Topical term or geographic name as entry element epidemiology
690 ## - LOCAL SUBJECT ADDED ENTRY--TOPICAL TERM (OCLC, RLIN)
Topical term or geographic name as entry element psychoactive substances
690 ## - LOCAL SUBJECT ADDED ENTRY--TOPICAL TERM (OCLC, RLIN)
Topical term or geographic name as entry element psychopathology
700 10 - ADDED ENTRY--PERSONAL NAME
Personal name Tognidé, Mathieu C.
Relator term author
700 10 - ADDED ENTRY--PERSONAL NAME
Personal name Fiossi-Kpadonou, Émilie
Relator term author
700 10 - ADDED ENTRY--PERSONAL NAME
Personal name Alihonou, André
Relator term author
700 10 - ADDED ENTRY--PERSONAL NAME
Personal name Ezin-Houngbe, Josiane
Relator term author
700 10 - ADDED ENTRY--PERSONAL NAME
Personal name Agossou, Thérèse
Relator term author
700 10 - ADDED ENTRY--PERSONAL NAME
Personal name Ahyi, René Gualbert
Relator term author
786 0# - DATA SOURCE ENTRY
Note Psy Cause | 65 | 1 | 2014-01-17 | p. 35-41 | 1245-2394
856 41 - ELECTRONIC LOCATION AND ACCESS
Uniform Resource Identifier <a href="https://shs.cairn.info/revue-psy-cause-2014-1-page-35?lang=fr&redirect-ssocas=7080">https://shs.cairn.info/revue-psy-cause-2014-1-page-35?lang=fr&redirect-ssocas=7080</a>

Pas d'exemplaire disponible.

PLUDOC

PLUDOC est la plateforme unique et centralisée de gestion des bibliothèques physiques et numériques de Guinée administré par le CEDUST. Elle est la plus grande base de données de ressources documentaires pour les Étudiants, Enseignants chercheurs et Chercheurs de Guinée.

Adresse

627 919 101/664 919 101

25 boulevard du commerce
Kaloum, Conakry, Guinée

Réseaux sociaux

Powered by Netsen Group @ 2025